00745 2200277 4500001002100000005001700021008004100038020001800079035002400097090001800121100001500139245008000154250001000234260004400244300002500288440002400313650002000337700001800357700001600375850001700391980001100408985000600419986001200425999001500437999001500452YOGYA-0209000003919120090227025440.0 ind  a979-347-138-7 0010-020900000039191 a813bGon HlK aGONG, Gola aHari-hari AnggacPenulis Gola Gong & Tias Tatanka ; penyunting, Abdul Hakim aCet.1 aJakartabSenayan Abadi Publishingc2005 a121 hlmbilusc18 cm aSeri Rumah Dunia II aFiksi Indonesia aTatanka, Tias aAbdul Hakim aYOPDYOG(JSC) a220206 a2 artrevmy a05B0007407 a05B0007408